Statistics for 50 Biggest Two-Word Cities in the US

Click here to take the quiz!

General Stats

  • This quiz has been taken 1,691 times
  • The average score is 29 of 50

Answer Stats

RankPopStateCity% Correct
18,550,000NYNew York
99%
23,972,000CALos Angeles
97%
41,395,000CASan Diego
94%
6865,000CASan Francisco
94%
10624,000NVLas Vegas
92%
31,470,000TXSan Antonio
92%
9631,000OKOklahoma City
89%
51,027,000CASan Jose
89%
11475,000MOKansas City
88%
43151,000KSKansas City
88%
15390,000LANew Orleans
88%
7833,000TXFort Worth
84%
18316,000MOSt. Louis
84%
8681,000TXEl Paso
83%
19301,000MNSt. Paul
82%
13457,000COColorado Springs
79%
24229,000LABaton Rouge
77%
26210,000IADes Moines
77%
14453,000VAVirginia Beach
77%
29198,000ARLittle Rock
70%
21264,000NJJersey City
69%
12474,000CALong Beach
67%
17324,000TXCorpus Christi
64%
22260,000INFort Wayne
62%
30195,000MIGrand Rapids
62%
40172,000SDSioux Falls
60%
23257,000FLSt. Petersburg
60%
35179,000FLFort Lauderdale
59%
16335,000CASanta Ana
59%
46130,000CTNew Haven
57%
25216,000CASan Bernardino
53%
45130,000IACedar Rapids
45%
33182,000VANewport News
41%
42161,000COFort Collins
40%
20266,000CAChula Vista
39%
34182,000CASanta Clarita
38%
32187,000KSOverland Park
36%
50126,000CASanta Clara
36%
39175,000CASanta Rosa
33%
38175,000FLCape Coral
31%
28202,000CAHuntington Beach
28%
31188,000TXGrand Prairie
23%
27204,000CAMoreno Valley
21%
44132,000MISterling Heights
21%
37175,000CARancho Cucamonga
20%
48129,000CAThousand Oaks
19%
47129,000FLCoral Springs
17%
41167,000CAElk Grove
16%
36175,000CAGarden Grove
14%
49127,000CASimi Valley
13%

Score Distribution

Percentile by Number Answered

Percent of People with Each Score

Your Score History

You have not taken this quiz